Les parcs d'attractions en Europe - Statistiques

Statistiques générales
  • Ce quiz a été pris 385 fois
  • Le résultat moyen est 16 sur 76
Statistiques - réponses
Hint Réponse % Correct
Fr Disneyland Paris
91%
Fr Parc Astérix
84%
De EuropaPark
79%
Fr Futuroscope
62%
Be Walibi belgium
54%
Fr Nigloland
53%
De Phantasialand
52%
Fr Puy du fou
47%
Fr Le Pal
43%
NL Efteling
40%
Po Energylandia
36%
NL Walibi Holland
36%
Be Plopsaland de Panne
34%
Es Ferrariland
30%
It Gardaland
30%
Fr Parc Spirou
29%
Be Bellewaerde
27%
NL Toverland
27%
It Mirabilandia
26%
Uk Alton towers
25%
Fr Walygator Grand Est
25%
Fr Parc Saint Paul
24%
Fr Walibi Rhônes Alpes
24%
Be Bobbejaanland
23%
Fr Fraispertuis City
23%
Po Legendia
23%
De Holiday park
21%
De MoviePark Germany
21%
Fr Walygator Sud ouest
21%
Fr Mer de sable
20%
Be Plopsa Coo
20%
Uk Thorpe Park
20%
Fr Walt Disney Studios
20%
De Heide Park
19%
Es Parque Warner Madrid
19%
De Hansapark
18%
De Tripsdrill
17%
Su Liseberg
16%
Fr Parc du bocasse
15%
De Legoland deutschland
14%
Fr Jardin d'Acclimatation
13%
Es Port Aventura Park
13%
Su Grona Lund
12%
Uk Legoland Windsor
12%
Uk Blackpool pleasure Beach
11%
Dk Djurs sommerland
11%
Uk Chessington world of adventure
10%
Fr Dennlys Parc
10%
Dk Farup sommerland
10%
Fr Parc Bagatelle
10%
Be Plopsa Indoor
10%
NL Duinrell
9%
De Bayern Park
8%
Au Fantasiana
8%
Fr Festyland
8%
Dk Legoland billund
8%
Dk Bakken
7%
Dk Bonbonland
7%
Es Parque de Atracciones de Madrid
7%
De Skyline park
7%
NL Slagharen
7%
De Belantis
6%
Fr Le Fleury
6%
Fr Ok Coral
6%
Fr Parc des combes
6%
NL Drievliet
4%
De Eifelpark
4%
It Etnaland
4%
It Magicland
4%
It Movieland Studios
4%
Es Puy du fou Espana
4%
Dk Tivoli Friheden
4%
NL DippieDoe
3%
De FreizetPark Plohn
2%
It Minitalia Leolandia Park
2%
Su Daftoland
1%
Aucun quiz correspondant
Distribution des résultats
% des personnes avec chaque résultat
Percentile par nombre de réponses
Votre historique - résultats
Vous n’avez pas pris ce quiz